Missions of Grand Theft Auto:San Andreas - Statistics

General Stats
  • This quiz has been taken 142 times
    96 since last reset
  • The average score is 31 of 102
Answer Stats
Point Mission % Correct
CJ Big Smoke
93%
R Ryder
90%
S Tagging up Turf
63%
S Drive-thru
56%
S Cleaning the Hood
51%
BS OG LOC
51%
S Drive-by
49%
S Nines and AK’s
49%
R Robbing Uncle Sam
49%
S The Green Sabre
49%
S Cesar Vialpando
46%
S(Final Mission) End of the Line
46%
BS Wrong Side of the Tracks
46%
C.R.A.S.H. Burning Desire
44%
S Reuniting the Families
44%
BS Running Dog
44%
S Sweet’s Girl
44%
C.R.A.S.H. Badlands
41%
R Home Invasion
41%
CV King in Exile
41%
?(Toreno) Monster
41%
TT Are You Going to San Fierro?
39%
R Catalyst
39%
BS Just Business
39%
Loco Mike Toreno
39%
Loco T-Bone Mendez
39%
S Doberman
37%
S Las Desperados
37%
OG Life’s a Beach
37%
S Los Sepulcros
37%
Air Yard Black Project
34%
CV Farewell,My Love...
34%
Air Yard Green Goo
34%
OG Madd Dogg’s Rhymes
34%
T Verdant Meadows
34%
CJ 555 We Tip
32%
C.R.A.S.H. Gray Imports
32%
?(Toreno) Highjack
32%
CV High Stakes,Low Rider
32%
D Madd Dogg
32%
Air Yard N.O.E.
32%
Triad Pier 69
32%
CJ Riot
32%
C.R.A.S.H. Snail Trail
32%
Air Yard Stowaway
32%
Z Supply Line
32%
Triad Toreno’s Last Flight
32%
CJ Vertical Bird
32%
TT Body Harvest
29%
Triad Casino(Four Dragons) Fender Ketchup
29%
?(Catalina)(At the bar) First Date
29%
S Grove 4 Life
29%
C.R.A.S.H. High Noon
29%
OG House Party
29%
Loco(Nightclub) Jizzy
29%
W Lure
29%
W Ran Fa Li
29%
W The Da Nang Thang
29%
CV Wu Zi Mu
29%
Z Air Raid
27%
Triad(Red Dragon) Photo Opportunity
27%
CJ Wear Flowers in Your Hair
27%
Triad Yay Ka-Boom-Boom
27%
CJ Deconstruction
24%
Catalina(At her home) First Base
24%
Mafia Freefall
24%
CJ Home Coming
24%
$(Robbery in Dillimore) Tanker Commander
24%
$ Cop Wheels
22%
Triad Casino Don Peyote
22%
Triad Casino Explosive Situation
22%
Triad Ice Cold Killa
22%
OG Management Issues
22%
$ Up,Up and Away!
22%
$(Robbery in Montgomery) Against All Odds
20%
W Amphibious Assault
20%
CJ Cut Throat Business
20%
$ Dam and Blast
20%
T Interdiction
20%
$(Robbery in Palomino Creek) Small Town Bank
20%
S Beat down on B Dup
17%
$ Breaking the Bank at Caligula’s
17%
Triad Jizzy
17%
W Mountain Cloud Boys
17%
CV Puncture Wounds
17%
Mafia Saint Mark’s Bistro
17%
Triad Casino You’ve Had Your Chips
17%
Triad Casino A Home in the Hills
15%
Triad Casino Fish in a Barrel
15%
$ Key to Her Heart
15%
$(Robbery in Blueberry) Local Liquor Store
15%
Catalina (At her home) Made in Heaven
15%
C.R.A.S.H. Misappropriation
15%
$(Robbery Caligula's Palace) Architectural Espionage
12%
Catalina(At her home) Gone Courting
12%
Z New Model Army
12%
Mafia The Meat Business
12%
CV Zeroing in
12%
Mafia(Caligula's Palace) Intensive Care
10%
Triad Outrider
10%
CV Test Drive
7%
CV Customs Fast Track
5%
No matching quizzes found
Score Distribution
Percent of People with Each Score
Percentile by Number Answered
Your Score History
You have not taken this quiz since the last reset